Demystifying organizational learning

Bibliographic Details
Main Author: Lipshitz, Raanan.
Corporate Author: ProQuest (Firm)
Other Authors: Popper, Micha, 1947-, Friedman, Victor J., 1952-
Format: Electronic eBook
Language:English
Published: Thousand Oaks, CA : SAGE Publications, c2007.
Subjects:
Online Access:Click to View
LEADER 01528nam a2200421Ia 4500
001 EBC996405
003 MiAaPQ
005 20200520144314.0
006 m o d |
007 cr cn|||||||||
008 060131s2007 caua sb 001 0 eng d
010 |z  2006002940 
020 |z 9781412913775 
020 |z 9781452222516 
020 |z 1412913772 (cloth) 
020 |z 1412913780 (pbk.) 
020 |z 9781412913782 (pbk.) 
035 |a (MiAaPQ)EBC996405 
035 |a (Au-PeEL)EBL996405 
035 |a (CaPaEBR)ebr10581286 
035 |a (CaONFJC)MIL659558 
035 |a (OCoLC)809771877 
040 |a MiAaPQ  |c MiAaPQ  |d MiAaPQ 
050 4 |a HD58.82  |b .L57 2007 
082 0 4 |a 658.3/124  |2 22 
100 1 |a Lipshitz, Raanan. 
245 1 0 |a Demystifying organizational learning  |h [electronic resource] /  |c Raanan Lipshitz, Victor J. Friedman, Micha Popper. 
260 |a Thousand Oaks, CA :  |b SAGE Publications,  |c c2007. 
300 |a xi, 282 p. :  |b ill. 
504 |a Includes bibliographical references (p. 251-265) and index. 
533 |a Electronic reproduction. Ann Arbor, MI : ProQuest, 2015. Available via World Wide Web. Access may be limited to ProQuest affiliated libraries. 
650 0 |a Organizational learning. 
650 0 |a Organizational learning  |v Case studies. 
655 4 |a Electronic books. 
700 1 |a Popper, Micha,  |d 1947- 
700 1 |a Friedman, Victor J.,  |d 1952- 
710 2 |a ProQuest (Firm) 
856 4 0 |u https://ebookcentral.proquest.com/lib/matrademy/detail.action?docID=996405  |z Click to View